Tiger technology : The creation of a semiconductor industry in East Asia
This book grows out of a five-year collaborative research project undertaken by the authors in East Asia. They have worked with firms and institutions in Korea, Taiwan, Singapore and Malaysia, to inquire into the micro-processes of firm-level organizational learning that underpin technology leverage...
Wedi'i Gadw mewn:
| Prif Awdur: | |
|---|---|
| Fformat: | Llyfr |
| Iaith: | Undetermined |
| Cyhoeddwyd: |
Cambridge, UK
Cambridge University Press
2000
|
| Pynciau: | |
| Tagiau: |
Ychwanegu Tag
Dim Tagiau, Byddwch y cyntaf i dagio'r cofnod hwn!
|
| Thư viện lưu trữ: | Trung tâm Học liệu Trường Đại học Cần Thơ |
|---|
| LEADER | 01141nam a2200229Ia 4500 | ||
|---|---|---|---|
| 001 | CTU_167411 | ||
| 008 | 210402s9999 xx 000 0 und d | ||
| 020 | |c 95.93 | ||
| 082 | |a 338.4095 | ||
| 082 | |b M429 | ||
| 100 | |a Mathews, John A. | ||
| 245 | 0 | |a Tiger technology : | |
| 245 | 4 | |b The creation of a semiconductor industry in East Asia | |
| 245 | 0 | |c John A. Mathews, Dong-Sung Cho | |
| 260 | |a Cambridge, UK | ||
| 260 | |b Cambridge University Press | ||
| 260 | |c 2000 | ||
| 520 | |a This book grows out of a five-year collaborative research project undertaken by the authors in East Asia. They have worked with firms and institutions in Korea, Taiwan, Singapore and Malaysia, to inquire into the micro-processes of firm-level organizational learning that underpin technology leverage in an industry such as semiconductors. | ||
| 650 | |a High technology industries,Ngành công nghệ chất lượng cao,Semiconductor industry,Ngành chế tạo chất bán dẫn | ||
| 650 | |z East Asia,Đông Á,East Asia,Đông Á | ||
| 904 | |i Trọng Hiếu | ||
| 980 | |a Trung tâm Học liệu Trường Đại học Cần Thơ | ||